LEADER 03887oam 2200805Mn 450 001 9910799976103321 005 20230421043909.0 010 $a1-134-69100-9 010 $a1-134-69101-7 010 $a1-280-33208-5 010 $a0-203-26805-9 010 $a0-203-02556-3 035 $a(CKB)1000000000360719 035 $a(EBL)169659 035 $a(OCoLC)277665611 035 $a(SSID)ssj0000329720 035 $a(PQKBManifestationID)11256074 035 $a(PQKBTitleCode)TC0000329720 035 $a(PQKBWorkID)10309143 035 $a(PQKB)10436996 035 $a(SSID)ssj0000277044 035 $a(PQKBManifestationID)11954829 035 $a(PQKBTitleCode)TC0000277044 035 $a(PQKBWorkID)10245823 035 $a(PQKB)10686877 035 $a(MiAaPQ)EBC169659 035 $a(OCoLC)821812858 035 $a(OCoLC-P)821812858 035 $a(FlBoTFG)9780203025567 035 $a(EXLCZ)991000000000360719 100 $a20071003j199803uu uy 0 101 0 $aeng 135 $aur|n||||||||| 181 $ctxt 182 $cc 183 $acr 200 10$aAspects Mod Lang Teach Europe 210 $aLondon $cRoutledgeFalmer$dMarch 1998$aLos Angeles $cSony Electronics [distributor] 215 $a1 online resource (248 p.) 300 $aDescription based upon print version of record. 311 $a1-138-42115-4 311 $a0-415-17284-5 327 $aBook Cover; Title; Contents; Notes on contributors; Acknowledgements; Introduction; Focus on language learner autonomy; Training language learners to learn MANUEL JIMNEZ RAYA; Now you are on your own! Developing independent language learning strategies TERRY LAMB; Multimedia in computer-assisted language learning WILHELM GRIEHABER; French for beginners: computer-assisted language instruction ELKE STRACKE-ELBINA; Focus on the classroom; Through the camera's lens: an innovative approach to analysing literature PAMELA FABER 327 $aSimulated living abroad: a new way of modern language acquisition LOTHAR BUNNPortraying the complexity of L2 classroom interaction PAUL SEEDHOUSE; Aspects of grammar in the classroom; The place of grammar in modern language teaching ANTONY J.PECK; From linguistic theory to syllabus design and classroom practice GEORGIA CATSIMALI; Spice up your German! Teaching modal particles LINUS JUNG; Vocabulary training; Dictionary awareness CARLOS F.MRQUEZ LINARES; Lexical hierarchies as a strategy of teaching vocabulary CATALINA JIMNEZ HURTADO 327 $a'Let's take the bull by the horns!' Phraseology in modern language teaching WOLF GEWEHRSelecting idioms to enrich modern language teaching SOPHIA ZEVGOLI; Index 330 8 $aAnnotation$bIn this book teaching experience and research from practitioners in four European countries throw new light on old problems faced every day, while other reveal innovative teaching methods and insights into how teachers and learners interact. 606 $aEurope 606 $aLanguages, Modern 606 $aLanguages, Modern - Study and teaching - Europe 606 $aStudy and teaching 606 $aLanguages, Modern$xStudy and teaching$zEurope 606 $aWestern European Languages - General$2HILCC 606 $aLanguages & Literatures$2HILCC 615 4$aEurope. 615 4$aLanguages, Modern. 615 4$aLanguages, Modern - Study and teaching - Europe. 615 4$aStudy and teaching. 615 0$aLanguages, Modern$xStudy and teaching 615 7$aWestern European Languages - General 615 7$aLanguages & Literatures 676 $a418.00704 676 $a418.007104 676 $a418/.007/04 712 02$aGerman, Greek, English, Spanish Teacher-Training Project 801 0$bOCoLC-P 801 1$bOCoLC-P 906 $aBOOK 912 $a9910799976103321 996 $aAspects Mod Lang Teach Europe$93873356 997 $aUNINA LEADER 01491nas 2200469-a 450 001 996215012403316 005 20240413013636.0 011 $a2247-8620 035 $a(DE-599)ZDB2440111-0 035 $a(CKB)1000000000306531 035 $a(CONSER)--2005205277 035 $a(EXLCZ)991000000000306531 100 $a20050923a20029999 --- - 101 0 $aeng 181 $ctxt$2rdacontent 182 $cc$2rdamedia 183 $acr$2rdacarrier 200 00$aAnnals of the University of Petro?ani$iEconomics 210 $aPetro?ani, Romania $cUniversitas Pub. House 215 $a1 online resource 300 $aRefereed/Peer-reviewed 311 08$aPrint version: Annals of the University of Petro?ani. 1582-5949 (DLC) 2005205277 (OCoLC)61698838 531 0 $aAnn. Univ. Petro?ani, Economics 606 $aEconomics$vPeriodicals 606 $aEconomics$2fast$3(OCoLC)fst00902116 606 $aWirtschaftswissenschaft$2stw 606 $aBetriebswirtschaftslehre$2stw 606 $aVolkswirtschaft$2stw 606 $aRumänien$2stw 608 $aPeriodicals.$2fast 615 0$aEconomics 615 7$aEconomics. 615 7$aWirtschaftswissenschaft. 615 7$aBetriebswirtschaftslehre. 615 7$aVolkswirtschaft. 615 7$aRumänien. 712 02$aUniversitatea Petros?ani. 906 $aJOURNAL 912 $a996215012403316 920 $aexl_impl conversion 996 $aAnnals of the University of Petros?ani$91981048 997 $aUNISA